| 000 | 00642nam a2200181 a 4500 | ||
|---|---|---|---|
| 005 | 20140412111309.0 | ||
| 008 | 010710s19uu xx 00 eng d | ||
| 020 | _a0-00-664595-X | ||
| 050 |
_aER _bCa28 1996 |
||
| 100 | _aJarrett, Clare | ||
| 245 |
_aCatherine and the lion / _cClare Jarrett. |
||
| 260 |
_aLondon : _bPicture Lions, _c1996. |
||
| 300 | _a1v. (unp.) ; ill. | ||
| 520 | _aOne morning Catherine wakes up to find a warm and friendly Lion in her bedroom. Catherine and the Lion go everywhere together and are soon the very best of friends. | ||
| 650 | _aFriendship--Fiction | ||
| 650 | _aChildren stories | ||
| 999 |
_c103867 _d103867 |
||